|
|
|
|
| LEADER |
00000nam0a2200000 4500 |
| 001 |
45403 |
| 005 |
20231101210941.0 |
| 010 |
|
|
|a 5269009919
|
| 010 |
|
|
|a 5-224-01954-0
|
| 035 |
|
|
|a (RuTPU)RU\TPU\book\47193
|
| 090 |
|
|
|a 45403
|
| 100 |
|
|
|a 20021209d2000 km y0rusy50 ca
|
| 101 |
0 |
|
|a rus
|
| 102 |
|
|
|a RU
|
| 105 |
|
|
|a a z 001zd
|
| 200 |
1 |
|
|a Кубизм. Орфизм. Пуризм
|f В. Крючкова
|
| 210 |
|
|
|a Москва
|c Галарт
|c Олма-Пресс
|d 2000
|
| 215 |
|
|
|a 176 с.
|c ил.
|
| 225 |
1 |
|
|a История живописи. XX век
|
| 320 |
|
|
|a Персоналии художников: с. 173-175.
|
| 600 |
|
1 |
|a Брак
|b Ж.
|c французский живописец
|f 1882-1963
|g Жорж
|2 stltpush
|3 (RuTPU)RU\TPU\pers\7624
|9 1476
|
| 600 |
|
1 |
|a Грис
|b Х.
|c французский живописец
|f 1887-1927
|g Хуан
|2 stltpush
|3 (RuTPU)RU\TPU\pers\7625
|9 1477
|
| 600 |
|
1 |
|a Леже
|b Ф.
|c французский художник
|f 1881-1955
|g Фернан
|2 stltpush
|3 (RuTPU)RU\TPU\pers\7626
|9 1478
|
| 600 |
|
1 |
|a Делоне
|b Р.
|c французский живописец
|f 1885-1941
|g Робер
|2 stltpush
|3 (RuTPU)RU\TPU\pers\7627
|9 1479
|
| 600 |
|
1 |
|a Пикассо
|g Пабло
|b П.
|c французский живописец
|f 1881 - 1973
|2 stltpui
|3 (RuTPU)RU\TPU\pers\295
|
| 606 |
1 |
|
|a Искусство, современные направления
|x История
|z 19 в.
|z 20 в.
|2 stltpush
|3 (RuTPU)RU\TPU\subj\73445
|9 86446
|
| 610 |
1 |
|
|a искусство
|
| 610 |
1 |
|
|a стили
|
| 610 |
1 |
|
|a история
|
| 610 |
1 |
|
|a кубизм
|
| 610 |
1 |
|
|a орфизм
|
| 610 |
1 |
|
|a пуризм
|
| 610 |
1 |
|
|a 20 век
|
| 610 |
1 |
|
|a Франция
|
| 610 |
1 |
|
|a Италия
|
| 610 |
1 |
|
|a Германия
|
| 610 |
1 |
|
|a Англия
|
| 610 |
1 |
|
|a США
|
| 610 |
1 |
|
|a Россия
|
| 675 |
|
|
|a 7.036
|v 3
|
| 700 |
|
1 |
|a Крючкова
|b В.
|g Валентина
|
| 801 |
|
1 |
|a RU
|b 63413507
|c 20021209
|g PSBO
|
| 801 |
|
2 |
|a RU
|b 63413507
|c 20140916
|g PSBO
|
| 900 |
|
|
|a Мировая культура и искусство
|
| 942 |
|
|
|c BK
|